Indian history : (Record no. 27720)
[ view plain ]
| 000 -LEADER | |
|---|---|
| fixed length control field | 00702nam a22002297a 4500 |
| 001 - CONTROL NUMBER | |
| control field | 27720 |
| 003 - CONTROL NUMBER IDENTIFIER | |
| rucl marc code | BD-RjUL |
| 005 - DATE AND TIME OF LATEST TRANSACTION | |
| control field | 20211209051207.0 |
| 008 - FIXED-LENGTH DATA ELEMENTS--GENERAL INFORMATION | |
| fixed length control field | 140327s1989 ii 000 0 eng d |
| 035 ## - SYSTEM CONTROL NUMBER | |
| System control number | (BD-RjUL)27799 |
| 040 ## - CATALOGING SOURCE | |
| Original cataloging agency | BD-RjUL |
| Language of cataloging | eng |
| Transcribing agency | BD-RjUL |
| 041 ## - LANGUAGE CODE | |
| Language code of text/sound track or separate title | eng |
| 082 ## - DEWEY DECIMAL CLASSIFICATION NUMBER | |
| Classification number | 954 |
| Author mark and year | RAI 1989 |
| 100 1# - MAIN ENTRY--PERSONAL NAME | |
| Personal name | Raj, Hans. |
| 9 (RLIN) | 85096 |
| 245 00 - TITLE STATEMENT | |
| Title | Indian history : |
| Remainder of title | [synopsis and objective type questions] (for civil services preliminary exam) / |
| Statement of responsibility, etc. | by Hans Raj. |
| 250 ## - EDITION STATEMENT | |
| Edition statement | New revised ed. |
| 260 ## - PUBLICATION, DISTRIBUTION, ETC. (IMPRINT) | |
| Place of publication, distribution, etc. | Delhi : |
| Name of publisher, distributor, etc. | Lacky Star ; |
| -- | Surjeet pub., |
| Date of publication, distribution, etc. | 1989. |
| 300 ## - PHYSICAL DESCRIPTION | |
| Pagination | 369 p. ; |
| Size | 24 cm. |
| 490 1# - SERIES STATEMENT | |
| Series statement | According to new syllebus and trends |
| 651 #0 - SUBJECT ADDED ENTRY--GEOGRAPHIC NAME | |
| Geographic name | India |
| General subdivision | History. |
| 9 (RLIN) | 85097 |
| 942 ## - ADDED ENTRY ELEMENTS (KOHA) | |
| Source of classification or shelving scheme | Dewey Decimal Classification |
| Koha item type | Books |
| Lost status | Source of classification or shelving scheme | Damaged status | Not for loan | Collection code | Permanent Location | Current Location | Shelving location | Date acquired | Source of acquisition | Cost, normal purchase price | Total Checkouts | Full call number | Date last seen | Copy number | Koha item type |
|---|---|---|---|---|---|---|---|---|---|---|---|---|---|---|---|
| Dewey Decimal Classification | Non-fiction | Central Library, University of Rajshahi | Central Library, University of Rajshahi | 21/06/1999 | Ankur Prokashoni | 147.00 | 954 RAI 1989 | 27/03/2014 | C-2 | Books |